00408nam a2200121Ia 4500008004100000020001400041040004400055100002400099245008700123260004300210300001600253999001700269180412s9999||||xx |||||||||||||| ||und|| a72340514X aAhmadu Bello University Library - Zaria aKilgarriff, Michael 4aThe Golden Age of Melodrama: Twelve 19th Century Molodramascby Michael Kilgarriff aLondonbWolfe Publishing Limitedc1974 a499p., ill. c17981d17981